02338nam a2200373 a 4500001000200000003000900002005001700011008003100028020002000059040002600079082002600105110001900131245008800150260005000238300004400288500003300332500002600365504004300391505067200434590002601106650006601132650005601198651006001254651005801314710005401372710006401426710004301490910002301533942001201556952012401568952012601692952012901818999001701947 DO-SdBNP20221019134502.0090820s2006 Co 000 spa d a 9789588307060. aDO-SdBNPbspacBPMSU  a338.91bI38s 20062222 aBanco Mundial.10aInforme sobre el desarrollo mundial 2007 : bel desarrollo y la nueva generación  aBogotá, Colombia : bBanco Mundial,c2006. axviii, 263 p. :bil.,gráfs. ;c28 cm. aDocumento del Banco Mundial  aTexto a dos columnas  aReferencias bibliográficas ; 207-2280 aPanorama general 1 -- ¿Por qué ahora y cómo ? 21 -- La juventud, la reducción de la pobreza y el crecimiento 22 -- Posibilidades, capacidades y segundas oportunidades : marco de referencia para las políticas 39 -- Transiciones 58 -- Aprender para el trabajo y la vida 58 -- Salir a trabajar 81 -- Crecer en forma saludable 102 -- Formar familias 121 -- Ejercer la ciudadanía 134 -- Moverse y comunicarse a través de las fronteras 156 -- Políticas para los jóvenes : hacerlo bien y lograrlo bien 177 -- Notas bibliográficas 191 -- Notas 193 -- Referencias 207 -- Indicadores seleccionados 229 -- Indicadores seleccionados del desarrollo mundial 243 6Inventariado, 2021/VM aDesarrollo económicozPaíses en desarrolloy2007vInforme 4a Desarrollo científico y tecnológicovInformes. 4aPaíses en desarrolloxIndicadores económicos y2007 4aPaíses en desarrolloxPolítica económica y20072 aBanco Internacional de Reconstrucción y Fomento2 aBanco Interamericano de Desarrollo (República Dominicana)2 aBanco Mundial (República Dominicana) aVMateo V./Validado 2ddccBK 00102ddc40708CDaBPMETbBPMETd2022-10-19l0oBPMSU CG 338.91 B213i 2007pBPMSU22100065r2022-10-19w2022-10-19yBK 00102ddc40708CDaBPMETbBPMETd2022-10-19oBPMSU CG 338.91 B213i 2007pBPMSU22100066r2022-10-19te.2w2022-10-19yBK 00102ddc40708CDaBPMETbBPMETd2022-10-19l0oBPMSU CG 338.91 B213i 2007pBPMSU22100067r2022-10-19te.3w2022-10-19yBK c14310d14310